| 000 | 01798nam0a2200385 4500 | ||
|---|---|---|---|
| 001 | RU\NLR\bibl\303611 | ||
| 005 | 20260407125057.0 | ||
| 021 |
_aRU _b2002-21356 _91072 |
||
| 035 | _a(NLR Aleph) 000298787 | ||
| 090 |
_a1750357 _c1750357 |
||
| 100 | _a20020828d2002 |||y0rusy50 ca | ||
| 101 | 0 | _arus | |
| 102 | _aRU | ||
| 105 | _aa ||||||||| | ||
| 200 | 1 |
_aПрогнозирование устойчивости стенок скважин в глинистых отложениях _fОткрытое АО "Газпром", Информ.-реклам. центр газовой пром-сти _g[Свинцицкий С. Б.] |
|
| 210 |
_aМ. _cИРЦ Газпром _d2002 |
||
| 215 |
_a80, [1] с. _cил. _d21 |
||
| 225 | 1 |
_aГазовая промышленность _eОбзор. информ. _iСерия "Бурение газовых и газоконденсатных скважин" |
|
| 300 | _aНа обл. авт.: Свинцицкий С. Б. | ||
| 320 | _aБиблиогр.: с. 73-80 | ||
| 606 | 0 |
_aГазовые скважины _xСтроительство _xИнформационное обеспечение _92219039 _3RU\NLR\auth\661332569 |
|
| 610 | 0 | _aБуровые скважины - Устойчивость - Прогнозирование | |
| 675 |
_a622.24 _v3 _zrus |
||
| 686 |
_a52.13 _2rugasnti |
||
| 686 |
_a33.131 _2rubbk |
||
| 686 | _aИ131.03,7-6 | ||
| 702 | 1 |
_aСвинцицкий _bС. Б. _4220 |
|
| 712 | 0 | 2 |
_4570 _aИнформационно-рекламный центр газовой промышленности _cМосква _3RU\NLR\AUTH\889968475 _9433356 |
| 801 | 0 |
_aRU _bRKP _c20020828 _gPSBO |
|
| 801 | 1 |
_aRU _bRKP _c20020828 |
|
| 801 | 2 |
_aRU _bNLR _c20021003 _grcr |
|
| 942 | _cBOOK | ||
| 980 | _aNB | ||